000 00545nam a22002057a 4500
003 OSt
005 20260407120049.0
008 260407b |||||||| |||| 00| 0 eng d
020 _a978-93-6569-279-2
040 _cSBCL
082 _a823
_bMUK-B
100 _aMukundan,m
245 _aOn the Banks of the Mayyazhi
260 _aHaryana
_bAn Imprint of HarperCollins Publishers
_c2025
300 _a251p.
630 _xLiterature & rhetoric
650 _aEnglish & Old English literatures
650 _aEnglish fiction
942 _cBOOK
999 _c137879
_d137879